000 01167nam a2200229 i 4500
001 162530
003 ES-MaACL
005 20240711063057.0
008 041118s1878 it |||| | ita d
100 1 _aPratesi, Cesare.
_9131344
245 1 0 _aMémoire rédigé en réponse à la première demande de la Troisième Section d'après le programme du Congrès Pénitentiaire International à Stockolm /
_cpar César Pratesi.
260 _aFlorence :
_b[s.n.],
_c1878 (
_fImp. de la Maison de Patronage)
300 _a23 p. ;
_c21 cm.
440 _9237356
_aRivista di Discipline Carcerarie
500 _aPublié pour la première fois en italien dans la Rivista di Discipline Carcerarie, Rome, Imprimerie Artero, 1876.
594 _aPrecede al tít.: Patronage pour les libérés des prisons.
650 0 4 _aDelincuentes-
_xRehabilitación.
_9135873
711 2 _aCongreso Penitenciario Internacional (
_d1878.
_cEstocolmo)
_9165779
852 _aES-MaACL
_jD-221(12)
_z- Enc. pasta española
_z. - Donativo Lastres
_z- Enc. en un vol. facticio, formando parte de la colección : "Estudios penitenciarios"
942 _2udc
999 _c162530
_d162530